000 00907nam0a2200265 4500
001 RU\NLR\ONL1\2634
005 20260406072311.0
035 _a(NLR Aleph) 009631387
090 _a9495782
_c9495782
100 _a20040226d1981 |||y0rusy50 ca
101 0 _achm
102 _aRU
105 _ac |||||||||
200 1 _aШурно савыш
_eПочеламут-влак
_fДанилов Б. Г.
210 _aЙошкар-Ола
_cКн. лукшо марий изд-во
_d1981
215 _a95 с.
_cпортр.
_d14
541 1 _aЗарница
_eСтихи
_zrus
686 1 _aШ6(2=Мар)7-5
700 1 _4070
_8rus
_cмар. писатель
_7ca
_aДанилов
_bБ. Г.
_f1923-
_gБорис Григорьевич
_3RU\NLR\auth-onl\7781
_9130141
801 0 _aRU
_bNLR
_c20040226
_gPSBO
852 _aNLR
_bОНЛ
_jМар.л./1-376
942 _cBOOK
980 _aNB